000 00866cam a2200253 4500
001 25117
003 BD-RjUL
005 20211209050831.0
008 140316s1965 le abc b 001 0 eng
035 _a(BD-RjUL)25186
040 _aDLC
_beng
_cODaWU
_dOCoLC
_dDLC
_dBD-RjUL
041 _aeng
082 0 4 _a953.6
_222
_bABH
100 1 _aAbu-Hakima, Ahmad Mustafa,
_d1932-
_977290
245 1 0 _aHistory of eastern Arabia, 1750-1800 :
_bthe rise and development of Bahrain and Kuwait /
_c Ahmad Mustafa,Abu-Hakima
250 _a1st ed.
260 _aBeirut, Lebanon:
_bKhayats
_c1965.
300 _axix, 213 p., [6] p. of leaves :
_bgeneal. tables, maps, port. ;
_c23 cm.
504 _aIncludes bibliographical references (p. 201-208) and index.
651 0 _aPersian Gulf States
_xHistory.
_977291
942 _2ddc
_cBK
999 _c25117
_d25117